MIGLIORI 20 TOP SCORER DELLA JUVENTUS - Statistics

Statistiche generali
  • Questo quiz è stato fatto 64 volte
  • Il punteggio medio è 6 su 20
Statistiche sulle risposte
GOL GIOCATORE % Corretto
1 290 alessandro del piero
96%
14 101 cristiano ronaldo
82%
4 171 david trezeguet
67%
11 115 paulo dybala
67%
13 104 micheal platini
42%
10 115 roberto baggio
40%
2 185 giampiero boniperti
39%
3 179 roberto bettega
33%
5 165 omar sivori
30%
16 89 filippo inzaghi
25%
12 105 john charles
18%
6 154 felice borel
11%
7 130 pietro anastasi
11%
8 126 john hansen
5%
15 100 guglielmo gabetto
4%
19 73 ermes muccinelli
2%
9 118 federico munerati
2%
20 72 franco causio
2%
18 78 giovanni ferrari
2%
17 85 raimundo orsi
2%
Nessun quiz corrispondente trovato
Distribuzione punteggi
Percentuale di utenti per punteggio
Percentile per numero di risposta
I tuoi punteggi nel tempo
Non hai fatto questo quiz